000 01155nam a2200289Ia 4500
999 _c53766
_d53766
001 20815
003 GE_BSU
005 20210419134436.0
008 181216s ||||ru |||||||||||||| ||rus||
020 _a9785970424605
040 _cGE_BSU
041 _arus
080 _a61:796 С-73
245 _aСпортивная медицина :
_bНациональное руководство /
_cПод ред. : акад.Ран и Рамн С.П. Миронов , Б.А. Поляев, Г.А. Макарова.
264 _aМосква :
_bГэотар-Медиа,
_c2013.
300 _a1182 стр. :
_b+1CD
_c25 см.
440 _aАссоциация медицинских обществ по качеству
_911435
541 _h174Л.
653 _aСпортивная медицина
653 _aმედიცინა
653 _aსპორტი
653 _aსპორტული მედიცინა
700 _aМиронов, С. П.
_eРедактор
_911436
700 _a Поляев, В. А.
_eРедактор
_911437
700 _aМакарова, Г. А.
_eРедактор
_911438
942 _cBK
_2udc